LEADER 00848nam0-2200325---450- 001 990008363440403321 005 20091028100846.0 010 $a88-430-3322-0 035 $a000836344 035 $aFED01000836344 035 $a(Aleph)000836344FED01 035 $a000836344 100 $a20060711d2005----km-y0itay50------ba 101 1 $aita 102 $aIT 105 $a--------001yy 200 1 $aChe cos'è una biblioteca$fGabriele Mazzitelli 210 $aRoma$cCarocci$d2005 215 $a129 p.$c20 cm 225 1 $a<>bussole$v177 610 0 $aBiblioteche 676 $a021 700 1$aMazzitelli,$bGabriele$0117665 801 0$aIT$bUNINA$gRICA$2UNIMARC 901 $aBK 912 $a990008363440403321 952 $a13 U 01 59$b14853$fFINBC 959 $aFINBC 996 $aChe cos'è una biblioteca$9722821 997 $aUNINA LEADER 01307oam 2200409zu 450 001 9910872730203321 005 20241212214821.0 024 7 $a10.1109/STHERM.1995 035 $a(CKB)111026746711560 035 $a(SSID)ssj0000455402 035 $a(PQKBManifestationID)12168710 035 $a(PQKBTitleCode)TC0000455402 035 $a(PQKBWorkID)10399339 035 $a(PQKB)10816902 035 $a(NjHacI)99111026746711560 035 $a(EXLCZ)99111026746711560 100 $a20160829d1995 uy 101 0 $aeng 135 $aur||||||||||| 181 $ctxt 182 $cc 183 $acr 200 10$a1995 Eleventh Annual IEEE Semiconductor Thermal Measurement and Management Symposium 210 31$a[Place of publication not identified]$cIEEE$d1995 215 $a1 online resource (200 pages) 300 $aBibliographic Level Mode of Issuance: Monograph 311 08$a9780780324343 311 08$a078032434X 606 $aSemiconductors$vCongresses 615 0$aSemiconductors 676 $a621.38152 712 02$aIEEE, Institute of Electrical and Electronics Engineers, Inc. Staff 801 0$bPQKB 906 $aBOOK 912 $a9910872730203321 996 $a1995 Eleventh Annual IEEE Semiconductor Thermal Measurement and Management Symposium$92504924 997 $aUNINA